Inventari dels llibres del racional / Marc Torras i Serra
Descripción Física:
57 p. ; 23'5 cm
Colección:
Inventaris i catàlegs de l'Arxiu ; 6
MARC
| LEADER | 00000nam a2200000Ia 4500 | ||
|---|---|---|---|
| 001 | 12113 | ||
| 008 | 160829s1998 xx 000 0 cat d | ||
| 080 | |a A-2-80 | ||
| 100 | 1 | |a Torras i Serra, Marc |9 19874 | |
| 245 | |a Inventari dels llibres del racional / Marc Torras i Serra | ||
| 260 | |a Manresa : |b Ajuntament de Manresa, |c 1998 | ||
| 300 | |a 57 p. ; |c 23'5 cm | ||
| 490 | |a Inventaris i catàlegs de l'Arxiu ; 6 | ||
| 590 | |a A sota el títol: Arxiu Històric de la Ciutat. Manresa | ||
| 650 | |a Arxiu Històric de la Ciutat (Manresa) |x Inventaris |9 20589 | ||
| 710 | 1 | |a Manresa (Catalunya). |b Ajuntament |9 51573 | |
| 901 | |a Arxiu | ||
| 942 | |n 1 | ||
| 952 | |0 0 |1 0 |4 0 |6 A280 |7 1 |9 41597 |a Arxiu |b Arxiu |d 2016-12-01 |l 0 |o A-2-80 |p 12113 |r 2016-12-01 00:00:00 |w 2016-12-01 |y ARXIU | ||
| 999 | |c 43487 |d 43487 | ||